Estudios para una nueva constitución

Guardat en:
Dades bibliogràfiques
Autors principals: Tórtora Aravena, Hugo (Autor), Jordán Díaz, Tomás Pablo (Autor)
Format: Llibre
Idioma:espanyol
Publicat: Santiago Metropolitana 2014
Edició:1a. ed
Matèries:
Etiquetes: Afegir etiqueta
Sense etiquetes, Sigues el primer a etiquetar aquest registre!

MARC

LEADER 00000cam a2200000 a 4500
001 UCE5227
003 CL-VaPUC
008 141211e20140900cl |||||||||||||||||spa|d
020 |a 9789562861823 
082 0 4 |a 342.83  |b TOR  |2 21 
100 0 |a Tórtora Aravena, Hugo  |e author  |9 577754 
700 0 |a Jordán Díaz, Tomás Pablo  |e author  |9 577755 
245 1 0 |a Estudios para una nueva constitución 
250 |a 1a. ed 
300 |a 773 p 
942 |c BK 
945 |d 20141211 14:14:00  |a arojas 
260 |a Santiago  |b Metropolitana  |c 2014 
600 0 7 |a CONSTITUCION POLITICA DE 1980  |2 CL-VaPUC  |9 255131 
650 0 |a Derecho constitucional   |9 222588 
650 0 |a Reforma constitucional  |9 332804 
650 0 |a Derechos fundamentales   |9 254841 
650 0 |a Justicia constitucional   |9 470037 
650 7 |a PARTICIPACION POLITICA  |2 CL-VaPUC  |9 577756 
650 0 |a Derecho constitucional chileno  |9 478271 
651 7 |a CHILE  |2 CL-VaPUC  |9 577757 
583 |a last modification  |c 20141211 14:14:00  |k Rodrigo Vera 
999 |c 357989  |d 357987 
952 |0 0  |1 0  |3 erb  |4 0  |6 342_830000000000000_TOR_2014  |7 0  |8 A  |9 466192  |a BIBDER  |b BIBDER  |i 5129494  |o 342.83 TOR 2014  |p 5129494  |r 2023-01-25  |w 2019-11-23  |y BK  |z Catalogado en:20141211  |k DER